000 00777nam a22002057a 4500
999 _c175266
_d175266
005 20200819154242.0
010 _aENG-128358
020 _c485.00
_a9789352838097
035 _aEN-111890
037 _bDBAD/PUB
082 _a485
100 _aSingh, Meena
245 _aArt of Effective English Writing with Aural and Oral Skills:
_cby Meena Singh and O.P.Singh
_bFor students of ICSE Class IX & X/
250 _a15th edition
260 _aNew Delhi
_bS Chand and company ltd
_c2020
270 _aBlackie Elt Books B-1/D-1 Ground Floor Mohan Co-operative Industrial Estate Mathura Road
_bNew Delhi
_e110044
_k011-66672000
_mhelpdesk@schandpublishing.com
300 _a514p.
_c23.5cm(pbk)
_bpictures
700 _aO.P.Singh
942 _2ddc
_cEN
_h485
_mSIN